Loading...
| Fine Arts - Painting and Sculpture | 0 | 5 | 0 | 1 | 50 | 87 | 105.80 | 1 | 5 | 4.92 | 25.00 |
| History - American | 0 | 3 | 0 | 0 | 30 | 53 | 79.33 | 0 | 2 | 8.46 | 10.00 |
| Literature - World | 0 | 3 | 0 | 0 | 30 | 31 | 81.00 | 1 | 3 | 9.57 | 17.50 |
| Fine Arts - Classical Music | 0 | 3 | 1 | 2 | 25 | 103 | 118.00 | 0 | 2 | 0.97 | 10.00 |
| Science - Other | 0 | 2 | 0 | 0 | 20 | 100 | 104.00 | 0 | 1 | 0.91 | 10.00 |
| History - European | 0 | 2 | 0 | 0 | 20 | 68 | 69.00 | 0 | 2 | 5.84 | 12.50 |
| Mythology | 0 | 2 | 0 | 0 | 20 | 90 | 102.50 | 0 | 2 | 2.17 | 7.50 |
| Religion | 0 | 2 | 0 | 0 | 20 | 63 | 75.00 | 0 | 1 | 5.77 | 7.50 |
| Science - Biology | 0 | 2 | 0 | 0 | 20 | 69 | 78.00 | 0 | 2 | 4.75 | 12.50 |
| Social Science | 0 | 1 | 0 | 0 | 10 | 77 | 77.00 | 0 | 0 | 4.29 | 3.57 |
| Fine Arts - Other | 0 | 1 | 0 | 0 | 10 | 25 | 25.00 | 1 | 1 | 7.81 | 10.00 |
| Geography | 0 | 1 | 0 | 0 | 10 | 106 | 106.00 | 1 | 1 | 0.00 | 10.00 |
| History - Other | 0 | 1 | 0 | 1 | 10 | 117 | 117.00 | 0 | 1 | 0.00 | 2.50 |
| Literature - British | 0 | 1 | 0 | 0 | 10 | 40 | 40.00 | 1 | 1 | 6.43 | 10.00 |
| Literature - European | 0 | 1 | 0 | 1 | 10 | 120 | 120.00 | 0 | 1 | 0.00 | 2.50 |
| Popular Culture | 0 | 1 | 0 | 0 | 10 | 59 | 59.00 | 1 | 1 | 8.12 | 16.67 |